Optimización de la producción y calidad de Tamarixia radiata mediante la fertilización de la hospedera / (Record no. 219999)
[ view plain ]
| 000 -CABECERA | |
|---|---|
| campo de control de longitud fija | 03067nam a2200337 a 4500 |
| 003 - IDENTIFICADOR DEL NÚMERO DE CONTROL | |
| campo de control | OSt |
| 005 - FECHA Y HORA DE LA ÚLTIMA TRANSACCIÓN | |
| campo de control | 20240620132636.0 |
| 007 - CAMPO FIJO DE DESCRIPCIÓN FÍSICA--INFORMACIÓN GENERAL | |
| campo de control de longitud fija | cr ||||||a|c|a |
| 008 - DATOS DE LONGITUD FIJA--INFORMACIÓN GENERAL | |
| campo de control de longitud fija | 240618s2020 mx ||||fom||| 001 0 spa d |
| 040 ## - FUENTE DE LA CATALOGACIÓN | |
| Normas de descripción | rda |
| 100 1# - ENTRADA PRINCIPAL--NOMBRE DE PERSONA | |
| 9 (RLIN) | 189224 |
| Nombre de persona | Gutiérrez Sánchez, Carlos Alberto |
| 245 1# - MENCIÓN DE TÍTULO | |
| Título | Optimización de la producción y calidad de Tamarixia radiata mediante la fertilización de la hospedera / |
| Mención de responsabilidad, etc. | por Carlos Alberto Gutiérrez Sánchez; director de tesis Alejandro Pérez Panduro; Secretario Samuel Ramírez Alarcón; vocal Tejeda Reyes Manuel Alejandro; suplente Amalia Pérez Valdez; suplente Calixto Leopoldo Carrillo Fonseca |
| 264 #1 - PRODUCCIÓN, PUBLICACIÓN, DISTRIBUCIÓN, FABRICACIÓN Y COPYRIGHT | |
| Producción, publicación, distribución, fabricación y copyright | Chapingo, México : |
| Nombre del de productor, editor, distribuidor, fabricante | El autor, |
| Fecha de producción, publicación, distribución, fabricación o copyright | 2020 |
| 300 ## - DESCRIPCIÓN FÍSICA | |
| Extensión | 1 recurso en línea (66 páginas): |
| Otras características físicas | figuras, cuadros, tablas. |
| 336 ## - TIPO DE CONTENIDO | |
| Fuente | rdacontent |
| Término de tipo de contenido | texto |
| Código de tipo de contenido | txt |
| 337 ## - TIPO DE MEDIO | |
| Fuente | rdamedia |
| Nombre/término del tipo de medio | computadora |
| Código del tipo de medio | c |
| 338 ## - TIPO DE SOPORTE | |
| Fuente | rdacarrier |
| Nombre/término del tipo de soporte | recurso en línea |
| Código del tipo de soporte | cr |
| 502 ## - NOTA DE TESIS | |
| Tipo de título | Ingeniero Agrónomo Especialista en Parasitología Agrícola |
| Nombre de la institución que otorga el título | Departamento de Enseñanza, Investigación y Servicio en Parasitología Agrícola, |
| Año de obtención del título | 2020. |
| Información miscelánea | Licenciatura |
| 504 ## - NOTA DE BIBLIOGRAFÍA, ETC. | |
| Nota de bibliografía, etc. | Incluye referencias bibliográficas: páginas 56-60. |
| 520 ## - SUMARIO, ETC. | |
| Sumario, etc. | Este trabajo es un esfuerzo de validación de los hallazgos previamente encontrados por este mismo grupo de trabajo, respecto al potencial de la fertilización para mejorar la productividad y calidad de los parasitoides de T. radiata producidos masivamente. Se aplicaron cuatro distintos perfiles de fertilización S1, S2, S3 y S4, todos dentro del rango óptimo para la hospedera, Murraya paniculata. Se agregó un Control experimental y un Testigo local y, también se analizaron ninfas preexistentes en nuestro laboratorio de una cría masiva, ahora extinta, ubicada en Tecomán, Col. Las variables evaluadas fueron la productividad de brotes en las plantas de murraya, la productividad y tamaño de las ninfas de D. citri por brote, así como la amplitud abdominal de los parasitoides resultantes. Después de la primera y segunda podas, las plantas fertilizadas produjeron 85% más brotes que el Testigo local; la de ninfas, se triplicó; se mejoró su tamaño de las ninfas (21%) y se incrementó la amplitud abdominal de los parasitoides (14%). La experiencia de este grupo de trabajo, indica que, luego de la tercer o cuarta poda, la fertilización induciría >25 brotes útiles en la mayoría de las plantas, aproximadamente el triple de los brotes del Testigo local. Estos resultados confirman la capacidad de la fertilización para optimizar la producción y calidad del parasitoide T. radiata. |
| 650 #4 - PUNTO DE ACCESO ADICIONAL DE MATERIA--TÉRMINO DE MATERIA | |
| 9 (RLIN) | 189225 |
| Término de materia o nombre geográfico como elemento de entrada | Murraya reticulata |
| Subdivisión general | Cultivo |
| 650 #4 - PUNTO DE ACCESO ADICIONAL DE MATERIA--TÉRMINO DE MATERIA | |
| 9 (RLIN) | 189226 |
| Término de materia o nombre geográfico como elemento de entrada | Murraya reticulata |
| Subdivisión general | Fertilización |
| 650 #4 - PUNTO DE ACCESO ADICIONAL DE MATERIA--TÉRMINO DE MATERIA | |
| 9 (RLIN) | 189227 |
| Término de materia o nombre geográfico como elemento de entrada | Tamarixia radiata |
| Subdivisión general | Cría |
| 700 1# - PUNTO DE ACCESO ADICIONAL--NOMBRE DE PERSONA | |
| 9 (RLIN) | 89908 |
| Nombre de persona | Pérez Panduro, Alejandro |
| Término indicativo de función/relación | Director de tesis. |
| 700 1# - PUNTO DE ACCESO ADICIONAL--NOMBRE DE PERSONA | |
| 9 (RLIN) | 93848 |
| Nombre de persona | Ramírez Alarcón, Samuel |
| Término indicativo de función/relación | Secretario. |
| 700 1# - PUNTO DE ACCESO ADICIONAL--NOMBRE DE PERSONA | |
| 9 (RLIN) | 112025 |
| Nombre de persona | Tejeda Reyes, Manuel Alejandro |
| Término indicativo de función/relación | Vocal. |
| 700 1# - PUNTO DE ACCESO ADICIONAL--NOMBRE DE PERSONA | |
| 9 (RLIN) | 90074 |
| Nombre de persona | Pérez Valdez, Amalia |
| Término indicativo de función/relación | Suplente. |
| 700 1# - PUNTO DE ACCESO ADICIONAL--NOMBRE DE PERSONA | |
| 9 (RLIN) | 19482 |
| Nombre de persona | Carrillo Fonseca, Calixto Leopoldo |
| Término indicativo de función/relación | Suplente. |
| 856 ## - LOCALIZACIÓN Y ACCESO ELECTRÓNICOS | |
| Identificador Uniforme del Recurso | http://10.13.5.2/tesis/tl/2020_PA_Gutierrez_Sanchez_CarlosAlberto.pdf |
| Nota pública | DESCARGAR PDF |
| 942 ## - ELEMENTOS DE PUNTO DE ACCESO ADICIONAL (KOHA) | |
| Fuente del sistema de clasificación o colocación | Clasificación Universidad Autónoma Chapingo |
| Tipo de ítem Koha | Tesis digital |
| Estado de retiro | Estado de pérdida | Fuente del sistema de clasificación o colocación | Estado dañado | Restricciones de uso | No para préstamo | Código de colección | Localización permanente | Ubicación/localización actual | Ubicación en estantería | Fecha de adquisición | Total de préstamos | Signatura topográfica completa | Fecha visto por última vez | Precio válido a partir de | Tipo de ítem Koha |
|---|---|---|---|---|---|---|---|---|---|---|---|---|---|---|---|
| Clasificación Universidad Autónoma de Chapingo | Préstamo interno | Tesis digitales de Licenciatura | Biblioteca Digital | Biblioteca Digital | En línea | 18/06/2024 | Tesis digital | 18/06/2024 | 18/06/2024 | Tesis digital |
